Quizzes
Events
Quiz Creation
Community
Videos
Private Events
Remove Ads
Sign In
Join for FREE
Feedback
Dark Mode
Quiz Categories
Sports
Geography
Music
Movies
Television
Just For Fun
Miscellaneous
History
Literature
Language
Science
Gaming
Entertainment
Religion
Holiday
For Kids
Quiz Lab
Recent
Popular Today
Quiz Kudos Today
Editor Picks
Curator Picks
Quizzes by...
Day
Popularity
Type
Ratings
Length
Year
Community
Subscriptions
Recent Discussions
Orange Saloon
Badges
Playlists
Quests
Create
Leaderboards
Showdown
Live 5
Trivia Bingo
Activity
Puzzle Library
Sporcle Events
Private Events
Virtual Trivia
Globe League
Become a Host
Pub Owners
SporcleCon
Opinionation
Our Games
Videos
Blog
Mobile Apps
Partnerships
Remove Ads and Go Orange
Feedback
Sports
Athletes
MLB
NBA
NHL
NFL
Soccer
Sports Teams
WWE
NCAA
Football
Premier League
Basketball
Baseball
Hockey
Golf
Tennis
Cricket
Rugby
Auto Racing
Olympics
World Cup
Sports
Athletes
MLB
NBA
NHL
NFL
Soccer
Sports Teams
WWE
NCAA
Football
Premier League
Basketball
Baseball
Hockey
Golf
Tennis
Cricket
Rugby
Auto Racing
Olympics
World Cup
Random Quiz
Search Sporcle
×
Quiz Lab
Quiz Lab
Sports
World Cup
Type in answers that appear in a list
Type in answers that appear in a list
Classic
Best Score? Go Orange.
England World Cup XI 1950-2018 Stats
Can you name all of England's World Cup XIs from 1950-2014?
By
oskarvn
15m
165 Questions
2,657 Plays
2,657 Plays
2,657 Plays
Comments
Comments
Give Quiz Kudos
Give Quiz Kudos
-
- Ratings
hide this ad
More Info
Replay
Link that replays current quiz
Next Quiz
Link to next quiz in quiz playlist
You Got
0%
They Got
Avg Score
57%
Avg Friend Score
Upgrade to see
Score Distribution
Jump to the score distribution portion of the page
Score
0/165
Timer
15:00
0
Plays Today
Year
Player
% Correct
2018
Harry Kane
96.6%
2018
Jordan Pickford
94.6%
2006
Steven Gerrard
94.4%
2010
Steven Gerrard
94.4%
2006
Wayne Rooney
94%
2010
Wayne Rooney
94%
1998
David Beckham
93.6%
2002
David Beckham
93.6%
2006
David Beckham
93.6%
2006
Frank Lampard
93.6%
2010
Frank Lampard
93.6%
2018
Raheem Sterling
93.5%
2002
Ashley Cole
92.8%
2006
John Terry
92.8%
2006
Ashley Cole
92.8%
2010
John Terry
92.8%
2010
Ashley Cole
92.8%
2006
Joe Cole
92.7%
1998
David Seaman
92.7%
2002
David Seaman
92.7%
1998
Michael Owen
92.3%
2002
Michael Owen
92.3%
1998
Paul Scholes
92.2%
2002
Paul Scholes
92.2%
2002
Rio Ferdinand
92.2%
2006
Rio Ferdinand
92.2%
1998
Gary Neville
91.7%
2006
Gary Neville
91.7%
1998
Alan Shearer
91%
2018
Harry Maguire
90.1%
2010
David James
89.9%
2018
John Stones
89.7%
2014
Ben Foster
89.6%
2014
Jack Wilshere
88.9%
2014
Adam Lallana
88%
1958
Bobby Charlton
87.8%
1962
Bobby Charlton
87.8%
1966
Bobby Charlton
87.8%
1970
Bobby Charlton
87.8%
1966
Jack Charlton
87.6%
1998
Sol Campbell
86.4%
2002
Sol Campbell
86.4%
2014
Frank Lampard
85.7%
1998
Tony Adams
85.6%
2014
Gary Cahill
85.6%
2006
Owen Hargreaves
85.3%
2014
Luke Shaw
85.3%
1986
Gary Lineker
85.1%
1990
Gary Lineker
85.1%
1962
Bobby Moore
84.4%
1966
Bobby Moore
84.4%
1970
Bobby Moore
84.4%
2014
Phil Jones
84.2%
2014
Daniel Sturridge
83.6%
2018
Phil Jones
83.6%
Year
Player
% Correct
2006
Paul Robinson
82.9%
1982
Peter Shilton
80.9%
1986
Peter Shilton
80.9%
1990
Peter Shilton
80.9%
2002
Emile Heskey
80.9%
2002
Nicky Butt
80.5%
1966
Gordon Banks
79.5%
2010
James Milner
78.9%
1990
Paul Gascoigne
78.1%
2014
Chris Smalling
78%
2010
Glen Johnson
77.8%
2010
Jermain Defoe
77.6%
2014
James Milner
77.5%
2018
Eric Dier
75.5%
1966
Geoff Hurst
75.2%
1970
Geoff Hurst
75.2%
2010
Gareth Barry
73.5%
1950
Billy Wright
71.6%
1954
Billy Wright
71.6%
1958
Billy Wright
71.6%
1990
Mark Wright
71.5%
2018
Kieran Trippier
69%
1998
Paul Ince
68.8%
1990
Chris Waddle
68.3%
1998
Graeme Le Saux
68.2%
1982
Mick Mills
67.7%
2002
Danny Mills
67.7%
1982
Bryan Robson
66.9%
1990
Des Walker
66.3%
1990
Stuart Pearce
65.4%
2010
Matthew Upson
64.1%
1986
Peter Beardsley
63.9%
1990
Peter Beardsley
63.9%
1954
Stan Matthews
63.9%
1998
Darren Anderton
63.7%
1990
David Platt
63.6%
2014
Ross Barkley
63.5%
2018
Danny Rose
62.9%
1990
Paul Parker
62.3%
1986
Glenn Hoddle
62.2%
1966
Nobby Stiles
61.3%
1982
Terry Butcher
61.1%
1986
Terry Butcher
61.1%
1990
Terry Butcher
61.1%
1966
Alan Ball
60.8%
1970
Alan Ball
60.8%
1962
Jimmy Greaves
59.9%
1970
Martin Peters
58.8%
1966
Martin Peters
58.7%
1966
Roger Hunt
58.4%
2002
Trevor Sinclair
50.9%
1966
George Cohen
50.8%
1962
Ray Wilson
48.4%
1966
Ray Wilson
48.4%
1986
Trevor Steven
48.2%
Year
Player
% Correct
1982
Ray Wilkins
46.9%
1986
Peter Reid
46.1%
1986
Gary Stevens
46%
1970
Peter Bonetti
45.8%
1982
Kenny Sansom
45.2%
1986
Kenny Sansom
45.2%
1982
Trevor Francis
44.6%
1950
Tom Finney
44.5%
1954
Tom Finney
44.5%
1958
Tom Finney
44.5%
1970
Franny Lee
44.3%
1958
Graham Shaw
43.5%
1982
Phil Thompson
43.2%
2018
Ruben Loftus-Cheek
39.8%
2018
Fabian Delph
38.8%
1954
Nat Lofthouse
37.5%
1958
Nat Lofthouse
37.5%
1982
Paul Mariner
36.2%
1986
Steve Hodge
34.3%
1982
Tony Woodcock
33.6%
1986
Terry Fenwick
33%
1970
Alan Mullery
32.2%
1958
Johnny Haynes
30.6%
1962
Johnny Haynes
30.6%
1950
Stan Mortensen
30.5%
1950
Laurie Hughes
30.4%
1962
Jimmy Armfield
28.2%
1950
Alf Ramsey
27.5%
1970
Terry Cooper
26.8%
1970
Brian Labone
26.1%
1982
Graham Rix
26%
1962
Ron Flowers
24.9%
1962
Ron Springett
23.7%
1950
Bert Williams
22.1%
1970
Keith Newton
20.7%
1962
Gerry Hitchens
15.8%
1954
Roger Byrne
15.6%
1950
Wilf Mannion
15.2%
1958
Bryan Douglas
13.8%
1962
Bryan Douglas
13.8%
1962
Maurice Norman
13.6%
1950
Jimmy Dickinson
13.4%
1954
Gil Merrick
13.4%
1954
Jimmy Dickinson
13.4%
1958
Don Howe
13.1%
1950
Roy Bentley
11.2%
1958
Colin McDonald
9.5%
1950
John Aston
8.9%
1958
Bill Slater
8%
1958
Ronnie Clayton
7.3%
1954
Ivor Broadis
7.1%
1950
Jimmy Mullen
6.5%
1954
Ron Staniforth
5.4%
1954
Dennis Wilshaw
5.1%
1954
Bill McGarry
4.8%
Quiz Playlist
Details
Report
Send in Message
Add To Playlist
More Info:
Name all of the starting lineups for England from the last match of each of the World Cups from 1950-2018.
Classic:
Type in answers that appear in a list
Last Updated: Mar 24, 2022
Quiz Scoreboard
CHALLENGE
Sign Up to Join the Scoreboard
Show All
Scores
Hide
Comments
May contain spoilers
Recently Published
Presidents Visiting Landmarks
by Hejman
History
7m
An Introduction to Baseball
by treessimontrees
Sports
5m
Movies - When Are They Set?
by FPL_Elf
Movies
5m
More to Explore
Quiz From the Vault
Featured Blog Post
Where Did the Easter Bunny Come From?
hide this ad
You Might Also Like...
Tags
Soccer Quiz
World Cup Quiz
beckham
England
legend
Legends
lineup
moore
Rooney
Today's Top Quizzes in Sports
Browse Sports
hide this ad
Today's Top Quizzes in World Cup
Browse World Cup
Top Contributed Quizzes in Sports
1
Les meilleurs buteurs des matchs entre le PSG et l’OM
2
2022 World Cup Stars
3
FIFA Club World Cup Champions
4
Les entraîneurs de l'OM et du PSG au 21e siècle
5
Name the Premier League winners with different clubs
6
La finale Lions - Afrique du Sud 2021
7
5-to-1: UK Sports Teams
8
England Test cricketers to play under Nasser Hussain
9
Players with Multiple 50 Home Run Seasons
10
AFC Teams Reveal (Wrong Answers Minefield)
Explore More
Trending Topics
Kpop
Crossword
Disney
Anime
NBA
Harry Potter
Marvel
NFL
WWE
Puzzle
Pokémon
Song
The Office
Soccer
Country
hide this ad
More By:
oskarvn
Quiz
Plays
Rating
Category
Featured
Created
England World Cup XI 1950-2018
2,657
5.00
Sports
Mar 27, 2016
Sir Matt Busby Player of the Year
228
5.00
Sports
Mar 26, 2016
Premier League 2015/2016 Winner Odds
146
4.00
Sports
Mar 26, 2016
Go to Creator's Profile
Score Distribution
Quiz Creator Spotlight
oskarvn
Follow
Send a Message
Quizzes Created
-
Created Quiz Play Count
-
More By This Creator
Popular Quizzes Today
1
Find the US States - No Outlines Minefield
2
Find the Countries of Europe - No Outlines Minefield
3
The Countries of the World
4
Find the US States
5
Popular People in 1961
6
US States
7
Risky Map Clicking: Biggest States A-Z
8
1-10 Letter E Words III
More Sports Quizzes
Anyone But Jerome Boateng
Quiz Lab
Trending Quizzes
Risky Map Clicking: Least Populous States A-Z
1-10 Letter G Words
1-10 Letter F Words
Risky Map Clicking: Next State Alphabetically
Risky Map Clicking: Biggest States A-Z
Recently Updated
Leaping Animals
pecheneg
Reality TV Shows (A-Z)
bhenderson79
Rickey Henderson's Hall of Fame Teammates
pecheneg
Champions League XIs: Arsenal
pecheneg
Quick Pick: Celebrities in WWE's Hall of Fame
aduchscher
A-Z Keypad Blitz II
pecheneg
Multiple Oscar Actors
pecheneg
Mystery Phrase Blitz: Oscar 'Best Actors'
pecheneg
F. Scott Fitzgerald Novels
LTH
Pick 3 Villains
ddd62291
Trending Topics
Marvel
NBA
Crossword
Anime
Kpop
Disney
Harry Potter
Country
Pokémon
WWE
The Office
Song
NFL
Soccer
Puzzle
Your Account Isn't Verified!
In order to create a playlist on Sporcle, you need to verify the email address you used during registration. Go to your
Sporcle Settings
to finish the process.
Report this User
Report this user for behavior that violates our
Community Guidelines
.
Details:
Send Report
Go to the Sporcle.com Mobile Site →
Comments